School buildings: (Record no. 22135)

MARC details
000 -LEADER
fixed length control field 01030cam a22002651 4500
001 - CONTROL NUMBER
control field e 50000035
003 - CONTROL NUMBER IDENTIFIER
control field DLC
005 - DATE AND TIME OF LATEST TRANSACTION
control field 20260227111234.0
008 - FIXED-LENGTH DATA ELEMENTS--GENERAL INFORMATION
fixed length control field 780906s1950 xx 000 0 eng c
010 ## - LIBRARY OF CONGRESS CONTROL NUMBER
LC control number e 50000035
035 ## - SYSTEM CONTROL NUMBER
System control number (OCoLC)4201873
040 ## - CATALOGING SOURCE
Original cataloging agency U.S. Office of Education Library
Transcribing agency OAk
Modifying agency DLC
042 ## - AUTHENTICATION CODE
Authentication code premarc
050 00 - LIBRARY OF CONGRESS CALL NUMBER
Classification number L111
Item number .A6 1950, no. 17
051 ## - LIBRARY OF CONGRESS COPY, ISSUE, OFFPRINT STATEMENT
Classification number LB3221
Item number .V5
082 ## - DEWEY DECIMAL CLASSIFICATION NUMBER
Classification number 371.6
100 1# - MAIN ENTRY--PERSONAL NAME
Personal name Viles, Nelson Eric,
Dates associated with a name 1891-
245 10 - TITLE STATEMENT
Title School buildings:
Remainder of title remodeling, rehabilitation, modernization, repair.
260 ## - PUBLICATION, DISTRIBUTION, ETC.
Place of publication, distribution, etc. [Washington]
Name of publisher, distributor, etc. Federal Security Agency, Office of Education
Date of publication, distribution, etc. [1950]
300 ## - PHYSICAL DESCRIPTION
Extent v, 37 p.
Dimensions 23 cm.
410 10 - SERIES STATEMENT/ADDED ENTRY--CORPORATE NAME [OBSOLETE, CAN/MARC], [LOCAL, USA]
Corporate name or jurisdiction name as entry element United States.
Subordinate unit Office of Education.
Title of a work Bulletin 1950,
Volume number/sequential designation no. 17
501 ## - WITH NOTE
With note Copies 1 and 2 of L111.A6 with: State boards of education and chief state school officers / Ward W. Keesecker. Washington : Govt. Print. Off., 1950. Bound together subsequent to publication.
Institution to which field applies DLC
504 ## - BIBLIOGRAPHY, ETC. NOTE
Bibliography, etc. note Bibliography: p. 37.
650 #0 - SUBJECT ADDED ENTRY--TOPICAL TERM
Topical term or geographic name entry element School buildings
Geographic subdivision United States.

No items available.

Powered by Koha